Sistema de información Web para el servicio de las asistencias técnicas agronómicas de café en EXPORTADORA ATLANTIC S.A.

Presenta el desarrollo de un sistema de información Web que administre la información de las fincas, asistencias técnicas y los que realizan los técnicos, asimismo que brinde información de las funciones del área de estudio y del funcionamiento del sistema.

Bibliographic Details
Main Authors: Meza Tinoco, Rosa Elena, Montenegro García, Marcial
Other Authors: Tutor: Benavides Rugama, Claudia Lucía
Format: Tesis Section = Libro
Language:Undetermined
Spanish
Published: Managua UNI 2012
Subjects:
LEADER 01161nam a2200265Ia 4500
008 240830s9999 xx 000 0 und d
040 |a BIBLIOTECA-RUPAP Mon 005.1 M617 
041 |a spa 
082 |a Mon 005.1 M617 
100 1 |a Meza Tinoco, Rosa Elena  
100 1 |b  Montenegro García, Marcial 
245 1 0 |a Sistema de información Web para el servicio de las asistencias técnicas agronómicas de café en EXPORTADORA ATLANTIC S.A. 
260 |a Managua  |b UNI  |c 2012 
300 |a 110 p. :il. 
500 |a Contiene: anexos e Incluye: CD. 
502 |a Tesis (Ingeniero de Sistemas)- UNI, 2012. 
520 3 |a Presenta el desarrollo de un sistema de información Web que administre la información de las fincas, asistencias técnicas y los que realizan los técnicos, asimismo que brinde información de las funciones del área de estudio y del funcionamiento del sistema. 
650 7 |a INGENIERÍA DE SOFTWARE 
650 7 |b METODOLOGIA EWE 
650 7 |c LENGUAJE DE MODELADO UNIFICADO UML 
650 7 |d SISTEMA DE ADMINISTRACION WEB 
700 1 |a Tutor:  |b Benavides Rugama, Claudia Lucía 
942 |c BK  |2 ddc 
991 |a TESIS 
999 |c 15295